| 000 | 00760nam a22002297a 4500 | ||
|---|---|---|---|
| 005 | 20151215101719.0 | ||
| 008 | a050412s2001 sp a 000 0 spa u | ||
| 020 | _a8492342757 | ||
| 100 | 1 | _aTilley, Lawrence P. | |
| 245 | 1 | 0 |
_aElectrocardiografía : _bPráctica en pequeños animales / _cLarry P. Tilley, Naomi L. Burtnick ; tr. Rosa Bonavia. |
| 250 | _a1a ed. | ||
| 260 |
_aBarcelona, España : _bTeton NewMedia, _c2001 |
||
| 300 |
_a97 p. : _bils. ; _c21 cm. |
||
| 490 | 0 | _aManual de consulta rápida | |
| 504 | _aIncluye bibliografía e índice | ||
| 506 | _aRec. DGB. | ||
| 650 | 4 | _aElectrocardiografía veterinaria. | |
| 700 | 1 |
_aBurtnick, Naomi., _ecoaut. |
|
| 700 | 1 |
_aBonavia, Rosa., _etr. |
|
| 942 |
_2lcc _cLIB |
||
| 999 |
_c55342 _d55342 |
||